[Event "Walsrode Chessemy op-A"]
[Site "Walsrode"]
[Date "2023.03.10"]
[Round "7"]
[White "Althoff, Ralph"]
[Black "Fabregas, Oliver"]
[Result "0-1"]
[WhiteElo "1974"]
[BlackElo "1777"]
[PlyCount "86"]
[EventDate "2023.03.04"]
[EventType "swiss"]
[EventRounds "9"]
[EventCountry "GER"]
[SourceTitle "CBM 213 Extra"]
[Source "ChessBase"]
[SourceDate "2023.05.31"]
[SourceVersion "1"]
[SourceVersionDate "2023.05.31"]
[SourceQuality "1"]

1. d4 Nf6 2. Nf3 d5 3. Bf4 Bf5 4. e3 e6 5. c4 Bxb1 6. Qxb1 Bb4+ 7. Kd1 dxc4 8. Bxc4 0-0 9. Ke2 c6 10. Rd1 Nbd7 11. Kf1 h6 12. h3 Qb6 13. Qc2 Rac8 14. Rac1 Rfd8 15. Kg1 Be7 16. Rd3 a5 17. Rcd1 Nd5 18. Ne5 Nb4 19. Qe2 Nxd3 20. Nxf7 Kxf7 21. Rxd3 Nf6 22. Rb3 Qa7 23. Be5 b5 24. Bd3 a4 25. Rc3 Qd7 26. e4 b4 27. Rc4 c5 28. Bxf6 Bxf6 29. e5 Bg5 30. h4 Qe7 31. hxg5 Qxg5 32. dxc5 Rd5 33. f4 Qg3 34. Bh7 Rcxc5 35. Rxc5 Rxc5 36. Qd2 Rd5 37. Qc1 Rd7 38. f5 Qxe5 39. Qf1 Qd4+ 40. Kh1 Qh4+ 41. Kg1 e5 42. Qe2 Rc7 43. Qf1 Qf4 0-1

[Event "GER-ch Net blitz qual3"]
[Site "Playchess.com INT"]
[Date "2021.05.07"]
[Round "5"]
[White "Gombert, Reiner"]
[Black "Fabregas, Oliver"]
[Result "1-0"]
[WhiteElo "1700"]
[BlackElo "1985"]
[PlyCount "93"]
[EventDate "2021.05.07"]
[EventType "swiss (blitz)"]
[EventRounds "11"]
[EventCountry "GER"]
[SourceTitle "CBM 202 Extra"]
[Source "ChessBase"]
[SourceDate "2021.07.31"]
[SourceVersion "1"]
[SourceVersionDate "2021.07.31"]
[SourceQuality "1"]

1. d4 Nf6 2. Nf3 e6 3. c4 Bb4+ 4. Nbd2 d5 5. g3 0-0 6. Bg2 b6 7. 0-0 Bb7 8. a3 Be7 9. Qc2 Nbd7 10. Ne5 c5 11. Nxd7 Qxd7 12. dxc5 bxc5 13. b3 d4 14. Bxb7 Qxb7 15. Rb1 a5 16. Nf3 Rfd8 17. Ne5 Rab8 18. Bf4 Nh5 19. Bd2 Bd6 20. Nd3 e5 21. Bxa5 Re8 22. Ne1 e4 23. b4 Qa7 24. Ng2 g6 25. Rfd1 Ng7 26. Qd2 Ra8 27. Nf4 Ne6 28. Nd5 Kh8 29. Qc2 Ng5 30. bxc5 Bxc5 31. Bb4 d3 32. exd3 exd3 33. Rxd3 Bxb4 34. axb4 h5 35. Nf6 Re6 36. Nd5 Rae8 37. Qd2 Nh3+ 38. Kg2 Qd7 39. Qh6+ Kg8 40. Rbd1 Qb7 41. Kxh3 Qc8 42. Kg2 Qxc4 43. Qf4 Re4 44. Nf6+ Kg7 45. Nxe4 Rxe4 46. Qf3 Qxb4 47. Rd7 1-0

[Event "GER-ch Net blitz qual2"]
[Site "Playchess.com INT"]
[Date "2021.05.04"]
[Round "2"]
[White "Fabregas, Oliver"]
[Black "Gerlach, Herwig"]
[Result "1-0"]
[WhiteElo "1907"]
[BlackElo "1620"]
[PlyCount "55"]
[EventDate "2021.05.04"]
[EventType "swiss (blitz)"]
[EventRounds "11"]
[EventCountry "GER"]
[SourceTitle "CBM 202 Extra"]
[Source "ChessBase"]
[SourceDate "2021.07.31"]
[SourceVersion "1"]
[SourceVersionDate "2021.07.31"]
[SourceQuality "1"]

1. Nf3 d5 2. g3 e6 3. Bg2 c5 4. d3 b6 5. 0-0 f5 6. e4 fxe4 7. dxe4 d4 8. Ne5 g6 9. c3 Nd7 10. cxd4 cxd4 11. Nc6 Qc7 12. e5 Bb7 13. Nxd4 Bxg2 14. Kxg2 Bg7 15. Nxe6 Qc6+ 16. Qf3 Qxe6 17. Qxa8+ Kf7 18. Bf4 Ngf6 19. Qxa7 Qd5+ 20. f3 Qc5 21. exf6 Qc2+ 22. Rf2 Qc6 23. fxg7 Rg8 24. Nc3 Rxg7 25. Rd1 Kf6 26. Ne4+ Kf5 27. Rfd2 Nf6 28. Qxg7 1-0

[Event "GER-ch Net blitz qual1"]
[Site "Playchess.com INT"]
[Date "2021.04.24"]
[Round "11"]
[White "Fabregas, Oliver"]
[Black "Daeuber, Andreas"]
[Result "1-0"]
[WhiteElo "1980"]
[BlackElo "1705"]
[PlyCount "79"]
[EventDate "2021.04.24"]
[EventType "swiss (blitz)"]
[EventRounds "11"]
[EventCountry "GER"]
[SourceTitle "CBM 202 Extra"]
[Source "ChessBase"]
[SourceDate "2021.07.31"]
[SourceVersion "1"]
[SourceVersionDate "2021.07.31"]
[SourceQuality "1"]

1. Nf3 d5 2. g3 e6 3. Bg2 Nf6 4. 0-0 Be7 5. d4 0-0 6. b3 h6 7. Bb2 Nbd7 8. c4 c5 9. e3 cxd4 10. Nxd4 Rb8 11. Nd2 Bc5 12. Rc1 Bxd4 13. exd4 b6 14. Re1 Bb7 15. c5 bxc5 16. dxc5 Bc6 17. Nf3 Qa5 18. Nd4 Qc7 19. a3 a5 20. Qd2 Ne4 21. Qc2 Ndf6 22. h3 Rb7 23. Nf3 Rfb8 24. Be5 Qd7 25. Bxb8 Rxb8 26. Ne5 Qc7 27. Nd3 Nxg3 28. fxg3 Qxg3 29. Ne5 Be8 30. c6 Rc8 31. b4 axb4 32. axb4 Ne4 33. Rxe4 dxe4 34. Qxe4 Qa3 35. Rc2 Qa1+ 36. Kh2 f6 37. Nd7 Bf7 38. b5 e5 39. b6 Qa6 40. b7 1-0

[Event "GER-ch Net blitz qual1"]
[Site "Playchess.com INT"]
[Date "2021.04.24"]
[Round "2"]
[White "Fabregas, Oliver"]
[Black "Plaettner, Stefan"]
[Result "0-1"]
[WhiteElo "1980"]
[BlackElo "1620"]
[PlyCount "56"]
[EventDate "2021.04.24"]
[EventType "swiss (blitz)"]
[EventRounds "11"]
[EventCountry "GER"]
[SourceTitle "CBM 202 Extra"]
[Source "ChessBase"]
[SourceDate "2021.07.31"]
[SourceVersion "1"]
[SourceVersionDate "2021.07.31"]
[SourceQuality "1"]

1. Nf3 d6 2. d4 Nf6 3. g3 c6 4. Bg2 Nbd7 5. 0-0 e5 6. c4 Qc7 7. Nc3 Be7 8. e4 0-0 9. b3 Re8 10. Bb2 a6 11. Re1 Bf8 12. a4 g6 13. Rc1 Bg7 14. dxe5 dxe5 15. Ba3 Bf8 16. Bb2 Nc5 17. h3 Rd8 18. Qc2 Nd3 19. Red1 Nxc1 20. Bxc1 Be6 21. Ng5 Rxd1+ 22. Qxd1 Rd8 23. Qe2 Bc8 24. Kh2 Qd6 25. Qf3 h6 26. Nxf7 Kxf7 27. g4 Qd3 28. Qxf6+ Kxf6 0-1

[Event "GER-ch Net blitz qual1"]
[Site "Playchess.com INT"]
[Date "2021.04.24"]
[Round "6"]
[White "Fabregas, Oliver"]
[Black "Schmitt, Carsten1"]
[Result "1-0"]
[WhiteElo "1980"]
[BlackElo "1749"]
[PlyCount "89"]
[EventDate "2021.04.24"]
[EventType "swiss (blitz)"]
[EventRounds "11"]
[EventCountry "GER"]
[SourceTitle "CBM 202 Extra"]
[Source "ChessBase"]
[SourceDate "2021.07.31"]
[SourceVersion "1"]
[SourceVersionDate "2021.07.31"]
[SourceQuality "1"]

1. Nf3 Nf6 2. g3 d5 3. Bg2 c5 4. d4 Nc6 5. 0-0 e6 6. b3 b6 7. Bb2 Bb7 8. dxc5 bxc5 9. e3 Bd6 10. c4 Bc7 11. cxd5 exd5 12. Nc3 d4 13. exd4 cxd4 14. Re1+ Kf8 15. Nb5 Bb6 16. Nfxd4 Nxd4 17. Nxd4 Bxg2 18. Kxg2 Qd5+ 19. Qf3 Qxf3+ 20. Nxf3 Rc8 21. Ba3+ Kg8 22. Rac1 Rxc1 23. Rxc1 h6 24. Rc8+ Kh7 25. Rxh8+ Kxh8 26. Nd2 Nd5 27. Nc4 Bd4 28. Bc1 Nb4 29. a4 Nd3 30. Be3 Bxe3 31. Nxe3 Nc1 32. b4 Na2 33. Nd5 Kg8 34. b5 Kf8 35. a5 Ke8 36. b6 axb6 37. axb6 Kd7 38. b7 Kc6 39. b8Q Kxd5 40. Qb3+ Kd4 41. Qxa2 g5 42. Kf3 f5 43. Qa4+ Ke5 44. Qb5+ Kf6 45. Qc6+ 1-0

[Event "GER Cup Net V3 U2000"]
[Site "Playchess.com INT"]
[Date "2020.05.27"]
[Round "4"]
[White "Fabregas, Oliver"]
[Black "Hilck, Dirk"]
[Result "1/2-1/2"]
[WhiteElo "1923"]
[BlackElo "1757"]
[PlyCount "65"]
[EventDate "2020.05.27"]
[EventType "swiss (blitz)"]
[EventRounds "9"]
[EventCountry "GER"]
[SourceTitle "EXT 2021"]
[Source "ChessBase"]
[SourceDate "2020.10.23"]
[SourceVersion "1"]
[SourceVersionDate "2020.10.23"]
[SourceQuality "1"]

1. Nf3 d5 2. g3 Bf5 3. Bg2 Nf6 4. d3 c6 5. 0-0 h6 6. Nbd2 e6 7. Qe1 Bh7 8. e4 dxe4 9. dxe4 Qc7 10. Qe2 Nbd7 11. Rd1 Be7 12. b3 0-0 13. Bb2 Rad8 14. a4 Ne8 15. Nc4 b5 16. axb5 cxb5 17. Na5 Bb4 18. Qxb5 Bxa5 19. Qxa5 Qxa5 20. Rxa5 Bxe4 21. Rxa7 Nef6 22. c4 Bc2 23. Rd2 Bxb3 24. Ba3 Rfe8 25. c5 Bd5 26. Nd4 Bxg2 27. Kxg2 Ne5 28. Nf3 Nc4 29. Rxd8 Rxd8 30. Bb4 Nd5 31. Be1 Rc8 32. Ra4 Rxc5 33. Nd4 1/2-1/2

[Event "GER Cup Net V1 U2000"]
[Site "Playchess.com INT"]
[Date "2020.05.19"]
[Round "7"]
[White "Fabregas, Oliver"]
[Black "Kakoschke, Dieter"]
[Result "1-0"]
[WhiteElo "1913"]
[BlackElo "1800"]
[PlyCount "59"]
[EventDate "2020.05.19"]
[EventType "swiss (blitz)"]
[EventRounds "9"]
[EventCountry "GER"]
[SourceTitle "EXT 2021"]
[Source "ChessBase"]
[SourceDate "2020.10.23"]
[SourceVersion "1"]
[SourceVersionDate "2020.10.23"]
[SourceQuality "1"]

1. Nf3 d5 2. e3 Nf6 3. c4 c6 4. b3 Bg4 5. h3 Bxf3 6. Qxf3 e6 7. Bb2 Be7 8. Be2 0-0 9. 0-0 Nbd7 10. d4 Ne4 11. Rd1 Ndf6 12. Nd2 Qa5 13. Nf1 Rfd8 14. g4 Qc7 15. Rac1 Qd6 16. h4 Nd7 17. g5 f6 18. Bd3 f5 19. Qg2 Qc7 20. f3 Nd6 21. cxd5 exd5 22. Ba3 Rf8 23. Bxd6 Bxd6 24. f4 Qb6 25. Kh1 Rae8 26. Re1 Re6 27. Qc2 Qd8 28. Bxf5 Re7 29. Bxh7+ Kf7 30. Qg6# 1-0

[Event "GER Cup Net V1 U2000"]
[Site "Playchess.com INT"]
[Date "2020.05.19"]
[Round "5"]
[White "Mueller, Achim2"]
[Black "Fabregas, Oliver"]
[Result "1-0"]
[WhiteElo "1776"]
[BlackElo "1913"]
[PlyCount "97"]
[EventDate "2020.05.19"]
[EventType "swiss (blitz)"]
[EventRounds "9"]
[EventCountry "GER"]
[SourceTitle "EXT 2021"]
[Source "ChessBase"]
[SourceDate "2020.10.23"]
[SourceVersion "1"]
[SourceVersionDate "2020.10.23"]
[SourceQuality "1"]

1. e4 c6 2. Nf3 d5 3. Nc3 dxe4 4. Nxe4 Nf6 5. Nxf6+ exf6 6. d4 Bd6 7. Bd3 0-0 8. c3 Re8+ 9. Be3 Nd7 10. Qc2 h5 11. h3 Qc7 12. 0-0-0 Nf8 13. Rdg1 Bf4 14. Qd2 Bxe3 15. fxe3 Qg3 16. Kb1 Be6 17. e4 Ng6 18. Ne1 Nf4 19. Bf1 Rad8 20. Nd3 Ng6 21. Be2 h4 22. Bf3 Bc4 23. Rf1 c5 24. d5 Ne5 25. Nxe5 Bxf1 26. Nxf7 Kxf7 27. Rxf1 g6 28. Qc2 Qe5 29. Qf2 Rh8 30. Qxc5 Rd7 31. Qxa7 Rc8 32. Rc1 Rcc7 33. Qa4 Kg7 34. Qb4 Qf4 35. c4 Qe3 36. Qc3 Qa7 37. b4 Rd8 38. c5 Ra8 39. Qb2 Qa4 40. e5 Rf7 41. e6 Rff8 42. d6 Rfe8 43. e7 Qd7 44. Bd5 b6 45. Rf1 Kh7 46. Qxf6 bxc5 47. Qxh4+ Kg7 48. Rf7+ Kg8 49. Qh7# 1-0